L-α-Amminoacidi - Statistics

Statistiche generali
  • Questo quiz è stato fatto 91 volte
  • Il punteggio medio è 14 su 22
Statistiche sulle risposte
Risposta % Corretto
Triptofano
88%
Lisina
81%
Alanina
78%
Metionina
75%
Valina
75%
Serina
72%
Acido glutammico
69%
Fenilalanina
69%
Glicina
69%
Leucina
69%
Isoleucina
66%
Treonina
66%
Acido aspartico
63%
Cisteina
63%
Istidina
63%
Prolina
63%
Arginina
59%
Asparagina
56%
Glutammina
50%
Tirosina
47%
Selenocisteina
16%
Pirrolisina
6%
Nessun quiz corrispondente trovato
Distribuzione punteggi
Percentuale di utenti per punteggio
Percentile per numero di risposta
I tuoi punteggi nel tempo
Non hai fatto questo quiz